| 000 | 02001nam a2200385 a 4500 | ||
|---|---|---|---|
| 001 | ebr10279959 | ||
| 003 | CaPaEBR | ||
| 006 | m u | ||
| 007 | cr cn||||||||| | ||
| 008 | 061109s2007 pauabf sb 001 0 eng | ||
| 010 | _z 2006037508 | ||
| 020 | _z9781592136094 (hardcover : alk. paper) | ||
| 020 | _z1592136095 (hardcover : alk. paper) | ||
| 020 | _z9781592136100 (pbk. : alk. paper) | ||
| 020 | _z1592136109 (pbk. : alk. paper) | ||
| 040 |
_aCaPaEBR _cCaPaEBR |
||
| 035 | _a(OCoLC)646801407 | ||
| 043 | _an-us-pa | ||
| 050 | 1 | 4 |
_aGT4013 .P5 _bM37 2007eb |
| 082 | 0 | 4 |
_a394/.50974811 _222 |
| 100 | 1 |
_aMasters, Patricia Anne, _d1945- |
|
| 245 | 1 | 4 |
_aThe Philadelphia Mummers _h[electronic resource] : _bbuilding community through play / _cPatricia Anne Masters. |
| 260 |
_aPhiladelphia : _bTemple University Press, _c2007. |
||
| 300 |
_axi, 232 p., [8] p. of plates : _bill., map ; _c21 cm. |
||
| 504 | _aIncludes bibliographical references (p. [213]-224) and index. | ||
| 505 | 0 | _aFrom play to play community : the early years of the Mummers parade -- Expanding the play community : the contemporary parade -- Blacks, women, and the "new" immigrants : the Mummers and diversity -- "Going up the street" : the experience of the parade -- Rituals and the play community -- Family, club, and neighborhood -- The experience of play -- The Mummers past and future. | |
| 533 |
_aElectronic reproduction. _bPalo Alto, Calif. : _cebrary, _d2009. _nAvailable via World Wide Web. _nAccess may be limited to ebrary affiliated libraries. |
||
| 610 | 2 | 0 |
_aPhiladelphia Mummers (Organization) _xHistory. |
| 650 | 0 |
_aParades _zPennsylvania _zPhiladelphia _xHistory. |
|
| 650 | 0 |
_aNew Year _zPennsylvania _zPhiladelphia _xHistory. |
|
| 651 | 0 |
_aPhiladelphia (Pa.) _xSocial life and customs. |
|
| 655 | 7 |
_aElectronic books. _2local |
|
| 710 | 2 | _aebrary, Inc. | |
| 856 | 4 | 0 |
_uhttp://site.ebrary.com/lib/rucke/Doc?id=10279959 _zAn electronic book accessible through the World Wide Web; click to view |
| 999 |
_c3986 _d3986 |
||